[Event "Maastricht Limburg op-C 8th"]
[Site "Maastricht"]
[Date "2014.06.09"]
[Round "6"]
[White "Callebaut, Katia"]
[Black "Welling, Ella"]
[Result "1-0"]
[WhiteElo "1236"]
[BlackElo "1000"]
[PlyCount "49"]
[EventDate "2014.06.06"]
[EventType "swiss"]
[EventRounds "7"]
[EventCountry "NED"]
[SourceTitle "EXT 2015"]
[Source "ChessBase"]
[SourceDate "2014.11.20"]
[SourceVersion "1"]
[SourceVersionDate "2014.11.20"]
[SourceQuality "1"]

1. e4 b6 2. Nf3 Bb7 3. Bc4 e6 4. Nc3 Nf6 5. d3 Be7 6. 0-0 0-0 7. Bf4 c6 8. a4 d5 9. Ba2 Nbd7 10. e5 Nh5 11. Qd2 Ba6 12. Ne2 c5 13. d4 f6 14. Rfe1 c4 15. b4 cxb3 16. Bxb3 Qc7 17. exf6 Nhxf6 18. Bxc7 Rac8 19. Bf4 Ne4 20. Qe3 Rf5 21. Ng3 Rff8 22. Nxe4 dxe4 23. Qxe4 Bb4 24. Qxe6+ Rf7 25. Qxf7+ 1-0

[Event "Maastricht Limburg op-C 8th"]
[Site "Maastricht"]
[Date "2014.06.07"]
[Round "2"]
[White "Welling, Ella"]
[Black "Heijenrath, Jan"]
[Result "0-1"]
[WhiteElo "1000"]
[BlackElo "1740"]
[PlyCount "48"]
[EventDate "2014.06.06"]
[EventType "swiss"]
[EventRounds "7"]
[EventCountry "NED"]
[SourceTitle "EXT 2015"]
[Source "ChessBase"]
[SourceDate "2014.11.20"]
[SourceVersion "1"]
[SourceVersionDate "2014.11.20"]
[SourceQuality "1"]

1. g3 g6 2. Bg2 Bg7 3. d3 d5 4. Nf3 c5 5. 0-0 Nc6 6. Nc3 Nf6 7. Re1 0-0 8. b3 Re8 9. Rb1 Bg4 10. a4 Qd7 11. Bh1 Rad8 12. e4 dxe4 13. dxe4 Qxd1 14. Nxd1 Nxe4 15. Ne3 Bc8 16. c4 Nb4 17. Bb2 Bxb2 18. Rxb2 Nd3 19. Ree2 Nxb2 20. Rxb2 h6 21. Bg2 Kg7 22. Ne1 Rd2 23. Rxd2 Nxd2 24. Nd3 Nxb3 0-1